000 00547 a2200157 4500
999 _c3473
_d3473
020 _a9780821365151
050 _aHD 75 DEL 2007
245 _aDelivering on the promise of pro-poor growth :
_binsights and lessons from country experiences /
_cedited by Timothy Besley and Louise J. Cord
264 _aNew York :
_bPalgrave Macmillan,
_c2007
300 _axi, 253p. :
_bill.
500 _aIncludes index
650 _aEconomic development
700 _aBesley, Timothy
_eeditor
700 _aCord, Louise J.
_eeditor
942 _2lcc
_cBK
_h75
_iDEL
_kHD